| 000 | 02926nam a2200481 i 4500 | ||
|---|---|---|---|
| 001 | 194368 | ||
| 003 | SpMaBN | ||
| 005 | 20250708194013.0 | ||
| 007 | ta | ||
| 008 | 240425s2020 sp a | |||| 001 0 spa | ||
| 015 | _aMON20 | ||
| 017 |
_aB 1819-2020 _bOficina Depósito Legal Barcelona |
||
| 020 | _a9788417902230 | ||
| 035 | _a(OCoLC)1192386819 | ||
| 040 |
_aSpMaBN _bspa _cSpMaBN _erda _dES-MaACL |
||
| 080 | _a551.583.13"324" | ||
| 080 | _a536.48 | ||
| 100 | 1 |
_aBrunner, Bernd, _d1964- _9236053 _eaut |
|
| 245 | 1 | 0 |
_aCuando los inviernos eran inviernos : _bhistoria de una estación / _cBernd Brunner ; traducción del alemán de José Aníbal Campos. |
| 250 | _aPrimera edición: febrero de 2020 | ||
| 264 | 1 |
_aBarcelona : _bAcantilado, _c2020 |
|
| 264 | 4 | _c©2020 | |
| 300 |
_a241 páginas ; _c21 cm |
||
| 336 |
_aTexto _2rdacontent |
||
| 337 |
_asin mediación _2rdamedia |
||
| 338 |
_avolumen _2rdacarrier |
||
| 490 | 1 |
_aEl Acantilado _v399 |
|
| 500 | _aTraducción de: Als die Winter noch Winter waren: Geschichte einer Jahrszeit | ||
| 500 | _aCatalogación provisional. N-9957. Depósito J | ||
| 504 | _aIncluye referencias bibliográficas e índice | ||
| 520 | _aLa historia de las civilizaciones parece mostrar que los seres humanos tenemos una clara preferencia por el calor y rehuimos el frío: el calor se asocia con la vida, mientras que el frío parece unido a la muerte; la primavera es la época del florecimiento; el verano, de la maduración; y el otoño, el melancólico presagio de los arduos meses en que todo muere o aguarda dormido una nueva primavera. Pero existen culturas que han prosperado en condiciones de frío extremo, tan exóticas, ricas y fascinantes como las del trópico. A ellas está dedicado este libro, donde se considera el invierno desde múltiples perspectivas—histórica, biológica, antropológica—y se compendian algunas de sus voluptuosidades, como el enorme placer de deslizarse en esquís sobre una pendiente de nieve virgen, o el de descubrir una cabaña humeante, como una isla en mitad del mar de nieve. Bernd Brunner captura la esencia de una estación, más preciosa aún en la era del cambio climático, que es posible amar pese a sus rigores. | ||
| 650 | 7 |
_aInvierno _2embne _9236054 |
|
| 650 | 7 |
_aFrío _2embne _9236055 |
|
| 700 | 0 |
_aCampos, José Aníbal _934246 _etrl |
|
| 830 |
_9179782 _aEl Acantilado ; _v399 |
||
| 852 |
_aES-MaACL _cDEPOJ _jN-9957 _zCompra _9201969 _xEncuadernación rústica con solapas |
||
| 942 |
_n0 _cMONOGRAFIA |
||
| 999 |
_c194368 _d194368 |
||